Sports Quiz

Random Sports or Soccer Quiz

English Premier League Champions Quiz Stats

 Plays Quiz Updated Jun 25, 2020

Support Sporcle.
Go Orange.
Score 0/7 Timer 00:30
18 Plays Today
Team % Correct
Manchester United
96.9%
Chelsea
92.8%
Manchester City
91.6%
Arsenal
90%
Liverpool
89.7%
Leicester City
69.5%
Blackburn Rovers
60.7%

You're not logged in!

Compare scores with friends on all Sporcle quizzes.
OR
Log In

From the Vault

Iconic Movie Dresses: Black, White, Silver, and Gold

by LisaSimpsonOH

From LBDs (little black dresses) to MBGs (magic ball gowns).
Remove Ads.
Support Sporcle.
Get the best of Sporcle when you Go Orange. This ad-free experience offers more features, more stats, and more fun while also helping to support Sporcle. Thank you for becoming a member.

Show Comments

Extras

Top Quizzes Today


Score Distribution

Your Account Isn't Verified!

In order to create a playlist on Sporcle, you need to verify the email address you used during registration. Go to your Sporcle Settings to finish the process.

Report this User

Report this user for behavior that violates our Community Guidelines.

Details: